000 00439nam a2200181Ia 4500
005 20240823041429.0
008 240823s9999||||xx |||||||||||||| ||und||
041 _aENGLISH
082 _A604.2 M2
100 _aBhatt N D
245 0 _aElementary Engineering Drawing
250 _a19th
260 _c1982
_bCharotar Publishing
500 _aTRANSFERED
650 _aEngineeirng Drawing
_bMechanical
942 _cBK
999 _c205484
_d205484